| 000 | nam a22 7a 4500 | ||
|---|---|---|---|
| 999 |
_c127598 _d127598 |
||
| 008 | 180313b xxu||||| |||| 00| 0 eng d | ||
| 020 | _a9780521670623 | ||
| 050 |
_aB1647 _b.M121 E8 |
||
| 100 |
_aMacintyre, Alasdair _940495 |
||
| 245 |
_aEthics and politics: _bselected essays, volume 2 _cAlasdair Macintyre |
||
| 260 |
_aCambridge _bCambridge University Press _c2006 |
||
| 300 |
_axii, 239p. ; _c23cm. |
||
| 650 |
_aPolitical theory _940496 |
||
| 650 |
_aEthics _940497 |
||
| 942 |
_2lcc _cMONOGRAPH |
||